LIBRARY & INFORMATION CENTRE, KCAET, TAVANUR

ONLINE PUBLIC ACCESS CATALOGUE (OPAC)

Soil geography and land use / (Record no. 9899)

MARC details
000 -LEADER
fixed length control field 00487cam a2200193ua 4500
020 ## - INTERNATIONAL STANDARD BOOK NUMBER
ISBN 0-471-08976-1
041 ## - LANGUAGE CODE
Language code of text/sound track or separate title eng
082 ## - DEWEY DECIMAL CLASSIFICATION NUMBER
Classification number 631.49
Item number FOT/SO
100 ## - MAIN ENTRY--AUTHOR NAME
Personal name Foth, Henry D .
245 ## - TITLE STATEMENT
Title Soil geography and land use /
250 ## - EDITION STATEMENT
Edition statement 1 /
260 ## - PUBLICATION, DISTRIBUTION, ETC. (IMPRINT)
Place of publication London :
Name of publisher John Wiley & Sons ,
Year of publication 1980.
300 ## - PHYSICAL DESCRIPTION
Number of Pages 484 ; .
700 1# - ADDED ENTRY--PERSONAL NAME
Personal name Schaffr, John W .
942 ## - ADDED ENTRY ELEMENTS (KOHA)
Koha item type Books
Holdings
Withdrawn status Lost status Damaged status Home library Current library Date acquired Full call number Accession Number Koha item type
      KAUAET KAUAET 07/04/2012 631.49 16999 Books
free website counter